000 00916nam a2200217Ii 4500
003 JO-AjNU
008 230605s9999||||xx |||||||||||||| ||und||
017 _a200/9514
020 _a977-5937-41-8
040 _aJO-AjNU
_bara
_erda
_cJO-AjNU
041 _aara
050 1 4 _aDS36.88.N3742 2003
100 3 _aبقلم نصار، عصمت؛ تصدير الخضيري، زينب محمود ,
_eauthor
_97987
245 0 0 _aثقافتنا العربية بين الايمان والالحاد: مناظرة بين فيلكس فارس وحسن اسماعيل
264 3 1 _aالاسكندرية: المكتبة المصرية، 2003
300 _a459ص
336 _atext
_btxt
_2rdacontent
337 _aunmediated
_bn
_2rdamedia
338 _avolume
_bnc
_2rdacarrier
650 4 _aعالم عربي- الحياة الفكرية- القرن العشرون، فارس فيلكس، اسماعيل ادهم 1911-1940
_97988
999 _aA557
_c4125
_d4125